The faculty in college counseling

Guardat en:
Dades bibliogràfiques
Autor principal: Hardee, Melvene Draheim (Autor)
Format: Llibre
Idioma:anglès
Publicat: Nueva York McGraw-Hill 1959
Matèries:
Etiquetes: Afegir etiqueta
Sense etiquetes, Sigues el primer a etiquetar aquest registre!

MARC

LEADER 00000nam a2200000 a 4500
001 UCU1603
003 CL-VaPUC
008 960409e19590000US |||||||||||||||||eng|d
082 0 4 |a 371.404  |b HAR  |2 21 
100 0 |a Hardee, Melvene Draheim  |e author  |9 357272 
245 1 4 |a The faculty in college counseling 
300 |a 391 p 
942 |c BK 
945 |d 19960409 00:00:00  |a lriquelm 
260 |a Nueva York  |b McGraw-Hill  |c 1959 
650 7 |a ORIENTACION EDUCACIONAL  |2 CL-VaPUC  |9 312512 
650 0 |a Orientación profesional   |9 308504 
650 0 |a Universidades  |9 256317 
650 0 |a Educación superior   |9 223851 
650 7 |a ENSEÑANZA PROFESIONAL  |2 CL-VaPUC  |9 357273 
583 |a last modification  |c 19960409 00:00:00  |k Rodrigo Vera 
999 |c 246164  |d 246162 
952 |0 0  |1 0  |4 0  |6 371_404000000000000_HAR_1959  |7 0  |8 P  |9 260913  |a BIBEDU  |b BIBEDU  |c BIBEDU_PB  |d 2019-11-19  |i 2012944  |o 371.404 HAR 1959  |p 2012944  |r 2024-01-25  |w 2019-11-19  |y BK  |k EDU